000 00265nam a22001217a 4500
008 180519b xxu||||| |||| 00| 0 eng d
041 _aeng
080 _a043.3
100 _a0
101 _aMBE-BA
245 _aBenefitet e Auditimit
_cCakolli, R
942 _2udc
_cBK
999 _c46069
_d46069